[Event "ODJM A 2024"]
[Site "Willingen GER"]
[Date "2024.05.22"]
[Round "6"]
[White "Brunner, Tobias"]
[Black "Schäfer, Daniel"]
[Result "1-0"]
[Termination "normal"]
[Board "10"]
[WhiteElo "1997"]
[BlackElo "1916"]
[WhiteClock "00:16:38"]
[BlackClock "00:01:44"]
[PlyCount "133"]
[WhiteFideId "12949833"]
[BlackFideId "16235088"]
[EventCountry "GER"]
[EventRounds "9"]
[EventType "swiss"]
[EventDate "2024.05.18"]

1. e4 {[%clk 01:30:53]} {[%emt 00:00:06]} e5 {[%clk 01:30:57]} {[%emt
00:00:04]} 2. Bc4 {[%clk 01:31:07]} {[%emt 00:00:15]} Nf6 {[%clk 01:31:20]}
{[%emt 00:00:07]} 3. d3 {[%clk 01:31:18]} {[%emt 00:00:19]} Nc6 {[%clk
01:31:34]} {[%emt 00:00:16]} 4. Nc3 {[%clk 01:31:11]} {[%emt 00:00:36]} Na5
{[%clk 01:31:43]} {[%emt 00:00:23]} 5. Bb3 {[%clk 01:28:27]} {[%emt 00:03:14]}
Nxb3 {[%clk 01:31:02]} {[%emt 00:01:11]} 6. axb3 {[%clk 01:28:50]} {[%emt
00:00:06]} d6 {[%clk 01:23:49]} {[%emt 00:07:43]} 7. h3 {[%clk 01:27:41]}
{[%emt 00:01:38]} Be7 {[%clk 01:19:52]} {[%emt 00:04:28]} 8. Be3 {[%clk
01:25:33]} {[%emt 00:02:37]} c5 {[%clk 01:15:03]} {[%emt 00:05:20]} 9. Nf3
{[%clk 01:21:50]} {[%emt 00:04:13]} Be6 {[%clk 01:12:22]} {[%emt 00:03:12]} 10.
O-O {[%clk 01:21:48]} {[%emt 00:00:31]} h6 {[%clk 01:10:57]} {[%emt 00:01:55]}
11. Nd2 {[%clk 01:12:52]} {[%emt 00:09:26]} d5 {[%clk 00:53:02]} {[%emt
00:18:26]} 12. exd5 {[%clk 01:11:31]} {[%emt 00:01:50]} Nxd5 {[%clk 00:53:03]}
{[%emt 00:00:29]} 13. Nxd5 {[%clk 01:10:58]} {[%emt 00:01:02]} Qxd5 {[%clk
00:51:37]} {[%emt 00:01:57]} 14. Nc4 {[%clk 01:06:32]} {[%emt 00:04:57]} O-O
{[%clk 00:44:42]} {[%emt 00:07:25]} 15. Bd2 {[%clk 00:58:21]} {[%emt 00:08:41]}
e4 {[%clk 00:40:46]} {[%emt 00:04:25]} 16. Ne3 {[%clk 00:53:11]} {[%emt
00:05:40]} Qc6 {[%clk 00:40:43]} {[%emt 00:00:34]} 17. dxe4 {[%clk 00:49:46]}
{[%emt 00:03:55]} Qxe4 {[%clk 00:38:43]} {[%emt 00:02:29]} 18. Ra4 {[%clk
00:50:00]} {[%emt 00:00:16]} Qc6 {[%clk 00:32:31]} {[%emt 00:06:42]} 19. Qh5
{[%clk 00:46:47]} {[%emt 00:03:43]} c4 {[%clk 00:24:43]} {[%emt 00:08:19]} 20.
Bc3 {[%clk 00:40:36]} {[%emt 00:06:41]} b5 {[%clk 00:18:49]} {[%emt 00:06:24]}
21. Raa1 {[%clk 00:39:50]} {[%emt 00:01:16]} cxb3 {[%clk 00:17:56]} {[%emt
00:01:22]} 22. cxb3 {[%clk 00:40:05]} {[%emt 00:00:15]} Bxb3 {[%clk 00:17:49]}
{[%emt 00:00:37]} 23. Bxg7 {[%clk 00:39:53]} {[%emt 00:00:42]} Kxg7 {[%clk
00:14:20]} {[%emt 00:06:33]} 24. Nf5+ {[%clk 00:39:42]} {[%emt 00:00:05]} Kh7
{[%clk 00:14:44]} 25. Nxe7 {[%clk 00:39:36]} {[%emt 00:00:04]} Qf6 {[%clk
00:14:45]} {[%emt 00:00:04]} 26. Qxb5 {[%clk 00:31:16]} {[%emt 00:07:55]} Be6
{[%clk 00:13:03]} {[%emt 00:02:12]} 27. Qd3+ {[%clk 00:31:24]} {[%emt
00:00:21]} Kh8 {[%clk 00:13:19]} {[%emt 00:00:14]} 28. Nd5 {[%clk 00:25:02]}
{[%emt 00:06:53]} Rfd8 {[%clk 00:10:54]} {[%emt 00:02:55]} 29. Nxf6 {[%clk
00:23:00]} {[%emt 00:02:32]} Rxd3 {[%clk 00:11:21]} {[%emt 00:00:02]} 30. Rfd1
{[%clk 00:22:58]} {[%emt 00:00:32]} Rxd1+ {[%clk 00:10:28]} {[%emt 00:01:24]}
31. Rxd1 {[%clk 00:23:27]} Rb8 {[%clk 00:10:44]} {[%emt 00:00:15]} 32. Rd2
{[%clk 00:23:49]} {[%emt 00:00:07]} Rb5 {[%clk 00:09:48]} {[%emt 00:01:27]} 33.
g4 {[%clk 00:22:36]} {[%emt 00:01:43]} Kg7 {[%clk 00:05:24]} {[%emt 00:04:54]}
34. Ne8+ {[%clk 00:16:51]} {[%emt 00:06:13]} Kg6 {[%clk 00:04:05]} {[%emt
00:01:51]} 35. f4 {[%clk 00:16:46]} {[%emt 00:00:35]} Bb3 {[%clk 00:01:06]}
{[%emt 00:04:08]} 36. Kf2 {[%clk 00:15:08]} {[%emt 00:01:26]} Rb8 {[%clk
00:01:06]} {[%emt 00:00:32]} 37. Nd6 {[%clk 00:10:10]} {[%emt 00:07:32]} Rb6
{[%clk 00:00:36]} {[%emt 00:00:08]} 38. Kg3 {[%clk 00:09:16]} {[%emt 00:00:11]}
Ba2 {[%clk 00:00:35]} {[%emt 00:00:31]} 39. Nf5 {[%clk 00:08:08]} {[%emt
00:01:39]} Be6 {[%clk 00:00:53]} {[%emt 00:00:11]} 40. Nd6 {[%clk 00:06:50]}
{[%emt 00:01:50]} Rb3+ {[%clk 00:01:00]} {[%emt 00:00:22]} 41. Kh4 {[%clk
00:07:02]} {[%emt 00:00:16]} f5 {[%clk 00:16:28]} {[%emt 00:15:03]} 42. Re2
{[%clk 00:32:15]} {[%emt 00:05:17]} Kf6 {[%clk 00:16:18]} {[%emt 00:00:41]} 43.
g5+ {[%clk 00:31:39]} {[%emt 00:01:06]} hxg5+ {[%clk 00:14:55]} {[%emt
00:01:52]} 44. fxg5+ {[%clk 00:32:03]} {[%emt 00:00:06]} Ke7 {[%clk 00:15:18]}
{[%emt 00:00:08]} 45. Nxf5+ {[%clk 00:31:37]} {[%emt 00:00:55]} Kd7 {[%clk
00:15:42]} {[%emt 00:00:07]} 46. Ne3 {[%clk 00:25:50]} {[%emt 00:06:17]} Ke8
{[%clk 00:12:10]} {[%emt 00:04:02]} 47. g6 {[%clk 00:22:49]} {[%emt 00:03:31]}
Kf8 {[%clk 00:10:15]} {[%emt 00:02:25]} 48. Kg5 {[%clk 00:18:57]} {[%emt
00:04:22]} Kg7 {[%clk 00:01:46]} {[%emt 00:08:59]} 49. Nf5+ {[%clk 00:16:14]}
{[%emt 00:03:13]} Bxf5 {[%clk 00:01:40]} {[%emt 00:00:36]} 50. Re7+ {[%clk
00:16:34]} {[%emt 00:00:09]} Kg8 {[%clk 00:00:40]} {[%emt 00:01:31]} 51. Kxf5
{[%clk 00:16:57]} {[%emt 00:00:07]} Rxh3 {[%clk 00:01:02]} {[%emt 00:00:07]}
52. Rb7 {[%clk 00:17:03]} {[%emt 00:00:25]} a5 {[%clk 00:00:52]} {[%emt
00:00:40]} 53. Ke4 {[%clk 00:15:38]} {[%emt 00:01:53]} Rg3 {[%clk 00:00:53]}
{[%emt 00:00:31]} 54. g7 {[%clk 00:14:55]} {[%emt 00:01:12]} a4 {[%clk
00:01:13]} {[%emt 00:00:11]} 55. Kd4 {[%clk 00:15:09]} {[%emt 00:00:15]} a3
{[%clk 00:00:41]} {[%emt 00:01:03]} 56. b4 {[%clk 00:15:34]} {[%emt 00:00:05]}
Rb3 {[%clk 00:00:34]} {[%emt 00:00:36]} 57. Kc5 {[%clk 00:14:36]} {[%emt
00:01:27]} Rb1 {[%clk 00:00:38]} {[%emt 00:00:28]} 58. Ra7 {[%clk 00:14:48]}
{[%emt 00:00:18]} Ra1 {[%clk 00:01:02]} {[%emt 00:00:06]} 59. Kb6 {[%clk
00:14:21]} {[%emt 00:00:56]} a2 {[%clk 00:01:19]} {[%emt 00:00:13]} 60. b5
{[%clk 00:14:45]} {[%emt 00:00:06]} Kh7 {[%clk 00:01:34]} {[%emt 00:00:15]} 61.
Ra5 {[%clk 00:14:26]} {[%emt 00:00:49]} Kxg7 {[%clk 00:01:47]} {[%emt
00:00:18]} 62. Ka6 {[%clk 00:14:45]} {[%emt 00:00:11]} Kf7 {[%clk 00:00:39]}
{[%emt 00:01:38]} 63. b6 {[%clk 00:15:09]} {[%emt 00:00:06]} Ke7 {[%clk
00:00:54]} {[%emt 00:00:15]} 64. b7 {[%clk 00:15:33]} {[%emt 00:00:05]} Rb1
{[%clk 00:01:04]} {[%emt 00:00:20]} 65. Rxa2 {[%clk 00:15:53]} {[%emt
00:00:11]} Kd7 {[%clk 00:01:25]} {[%emt 00:00:09]} 66. Ka7 {[%clk 00:16:14]}
{[%emt 00:00:08]} Kc7 {[%clk 00:01:44]} {[%emt 00:00:12]} 67. Rc2 {[%clk
00:16:38]} {[%emt 00:00:05]} 1-0

[Event "ODJM A 2024"]
[Site "Willingen GER"]
[Date "2024.05.22"]
[Round "6"]
[White "Grunert, Friedrich"]
[Black "Niesel, Tobias"]
[Result "1/2-1/2"]
[Termination "normal"]
[Board "11"]
[WhiteElo "1977"]
[BlackElo "1943"]
[WhiteClock "00:12:51"]
[BlackClock "00:22:50"]
[PlyCount "63"]
[WhiteFideId "12995592"]
[BlackFideId "12962155"]
[EventCountry "GER"]
[EventRounds "9"]
[EventType "swiss"]
[EventDate "2024.05.18"]

1. d4 {[%clk 01:30:57]} {[%emt 00:00:01]} Nf6 {[%clk 01:30:50]} {[%emt
00:00:11]} 2. c4 {[%clk 01:31:24]} {[%emt 00:00:03]} c5 {[%clk 01:31:13]}
{[%emt 00:00:07]} 3. d5 {[%clk 01:31:50]} {[%emt 00:00:03]} e6 {[%clk
01:31:37]} {[%emt 00:00:07]} 4. Nc3 {[%clk 01:32:17]} {[%emt 00:00:03]} exd5
{[%clk 01:31:59]} {[%emt 00:00:08]} 5. cxd5 {[%clk 01:32:42]} {[%emt 00:00:04]}
d6 {[%clk 01:32:23]} {[%emt 00:00:06]} 6. e4 {[%clk 01:33:08]} {[%emt
00:00:04]} g6 {[%clk 01:32:38]} {[%emt 00:00:15]} 7. Nf3 {[%clk 01:33:35]}
{[%emt 00:00:03]} Bg7 {[%clk 01:33:00]} {[%emt 00:00:08]} 8. h3 {[%clk
01:34:02]} {[%emt 00:00:03]} O-O {[%clk 01:33:22]} {[%emt 00:00:08]} 9. Bd3
{[%clk 01:34:29]} {[%emt 00:00:03]} b5 {[%clk 01:30:11]} {[%emt 00:03:41]} 10.
Nxb5 {[%clk 01:34:26]} {[%emt 00:00:34]} Re8 {[%clk 01:26:13]} {[%emt
00:04:28]} 11. O-O {[%clk 01:34:27]} {[%emt 00:00:28]} Nxe4 {[%clk 01:25:28]}
{[%emt 00:01:16]} 12. Re1 {[%clk 01:34:32]} {[%emt 00:00:23]} Nf6 {[%clk
01:16:52]} {[%emt 00:09:07]} 13. Rxe8+ {[%clk 01:34:17]} {[%emt 00:00:45]} Nxe8
{[%clk 01:16:59]} {[%emt 00:00:23]} 14. Bg5 {[%clk 01:33:30]} {[%emt 00:01:17]}
Qd7 {[%clk 01:06:43]} {[%emt 00:10:47]} 15. Qe2 {[%clk 01:31:44]} {[%emt
00:02:16]} Na6 {[%clk 00:57:09]} {[%emt 00:10:04]} 16. Re1 {[%clk 01:26:49]}
{[%emt 00:05:23]} Nac7 {[%clk 00:54:24]} {[%emt 00:03:17]} 17. Qd2 {[%clk
01:09:45]} {[%emt 00:17:34]} Bf8 {[%clk 00:49:16]} {[%emt 00:05:37]} 18. Nxc7
{[%clk 01:00:09]} {[%emt 00:10:06]} Nxc7 {[%clk 00:49:36]} {[%emt 00:00:10]}
19. Nh2 {[%clk 01:00:04]} {[%emt 00:00:34]} Qa4 {[%clk 00:41:56]} {[%emt
00:08:11]} 20. b3 {[%clk 00:41:15]} {[%emt 00:19:20]} Qd4 {[%clk 00:35:12]}
{[%emt 00:07:14]} 21. Bc4 {[%clk 00:27:15]} {[%emt 00:14:30]} Qxd2 {[%clk
00:29:58]} {[%emt 00:05:43]} 22. Bxd2 {[%clk 00:26:18]} {[%emt 00:01:27]} Bd7
{[%clk 00:26:14]} {[%emt 00:06:12]} 23. Ng4 {[%clk 00:24:25]} {[%emt 00:00:25]}
Bxg4 {[%clk 00:26:14]} {[%emt 00:00:30]} 24. hxg4 {[%clk 00:24:52]} {[%emt
00:00:03]} Re8 {[%clk 00:26:14]} {[%emt 00:00:31]} 25. Rxe8 {[%clk 00:21:04]}
{[%emt 00:04:18]} Nxe8 {[%clk 00:26:39]} {[%emt 00:00:04]} 26. g5 {[%clk
00:21:20]} {[%emt 00:00:14]} Bg7 {[%clk 00:26:31]} {[%emt 00:00:38]} 27. g4
{[%clk 00:19:04]} {[%emt 00:02:47]} f6 {[%clk 00:23:12]} {[%emt 00:03:49]} 28.
gxf6 {[%clk 00:19:18]} {[%emt 00:00:16]} Nxf6 {[%clk 00:23:15]} {[%emt
00:00:26]} 29. f3 {[%clk 00:19:36]} {[%emt 00:00:12]} Kf7 {[%clk 00:22:54]}
{[%emt 00:00:51]} 30. Bf4 {[%clk 00:17:46]} {[%emt 00:02:20]} Ke7 {[%clk
00:22:56]} {[%emt 00:00:28]} 31. Kf2 {[%clk 00:17:35]} {[%emt 00:00:40]} Nd7
{[%clk 00:22:50]} {[%emt 00:00:38]} 32. Bd2 {[%clk 00:12:51]} {[%emt 00:05:14]}
1/2-1/2

[Event "ODJM A 2024"]
[Site "Willingen GER"]
[Date "2024.05.22"]
[Round "6"]
[White "Bilenko, Yaroslav"]
[Black "Zobel, Christian"]
[Result "1-0"]
[Termination "normal"]
[Board "13"]
[WhiteElo "2136"]
[BlackElo "2013"]
[WhiteClock "00:02:29"]
[BlackClock "00:14:14"]
[PlyCount "65"]
[WhiteFideId "34120165"]
[BlackFideId "16259068"]
[EventCountry "GER"]
[EventRounds "9"]
[EventType "swiss"]
[EventDate "2024.05.18"]

1. e4 {[%clk 01:30:55]} {[%emt 00:00:05]} e5 {[%clk 01:30:36]} {[%emt
00:00:25]} 2. Nf3 {[%clk 01:31:14]} {[%emt 00:00:09]} Nc6 {[%clk 01:30:59]}
{[%emt 00:00:07]} 3. d4 {[%clk 01:31:27]} {[%emt 00:00:17]} exd4 {[%clk
01:31:23]} {[%emt 00:00:07]} 4. Nxd4 {[%clk 01:31:53]} {[%emt 00:00:04]} Qf6
{[%clk 01:31:36]} {[%emt 00:00:17]} 5. Nb5 {[%clk 01:31:38]} {[%emt 00:00:45]}
Bc5 {[%clk 01:31:45]} {[%emt 00:00:21]} 6. Qe2 {[%clk 01:31:45]} {[%emt
00:00:23]} Bb6 {[%clk 01:31:55]} {[%emt 00:00:20]} 7. N1c3 {[%clk 01:31:18]}
{[%emt 00:00:57]} Nge7 {[%clk 01:30:56]} {[%emt 00:01:29]} 8. Be3 {[%clk
01:30:53]} {[%emt 00:00:55]} Ba5 {[%clk 01:30:54]} {[%emt 00:00:32]} 9. O-O-O
{[%clk 01:29:57]} {[%emt 00:01:25]} O-O {[%clk 01:25:28]} {[%emt 00:05:56]} 10.
Nd5 {[%clk 01:26:35]} {[%emt 00:03:52]} Nxd5 {[%clk 01:23:52]} {[%emt
00:02:06]} 11. exd5 {[%clk 01:26:27]} {[%emt 00:00:37]} Ne5 {[%clk 01:23:17]}
{[%emt 00:01:06]} 12. f4 {[%clk 01:23:07]} {[%emt 00:03:50]} Ng6 {[%clk
01:23:00]} {[%emt 00:00:46]} 13. g3 {[%clk 01:23:10]} {[%emt 00:00:28]} a6
{[%clk 01:14:20]} {[%emt 00:09:11]} 14. Nd4 {[%clk 01:16:40]} {[%emt 00:06:59]}
d6 {[%clk 01:11:39]} {[%emt 00:03:10]} 15. h4 {[%clk 01:08:02]} {[%emt
00:09:08]} Ne7 {[%clk 01:07:18]} {[%emt 00:04:52]} 16. Qf3 {[%clk 01:06:32]}
{[%emt 00:02:00]} c6 {[%clk 00:57:48]} {[%emt 00:10:00]} 17. dxc6 {[%clk
00:57:01]} {[%emt 00:10:01]} bxc6 {[%clk 00:57:21]} {[%emt 00:00:58]} 18. g4
{[%clk 00:52:24]} {[%emt 00:05:06]} d5 {[%clk 00:52:53]} {[%emt 00:04:58]} 19.
f5 {[%clk 00:37:54]} {[%emt 00:15:01]} Bc7 {[%clk 00:47:40]} {[%emt 00:05:41]}
20. h5 {[%clk 00:27:07]} {[%emt 00:11:18]} Rb8 {[%clk 00:35:16]} {[%emt
00:12:54]} 21. h6 {[%clk 00:11:36]} {[%emt 00:16:02]} g6 {[%clk 00:34:17]}
{[%emt 00:01:28]} 22. fxg6 {[%clk 00:11:47]} {[%emt 00:00:20]} Qxf3 {[%clk
00:31:05]} {[%emt 00:03:41]} 23. gxh7+ {[%clk 00:11:49]} {[%emt 00:00:29]} Kh8
{[%clk 00:30:29]} {[%emt 00:01:05]} 24. Nxf3 {[%clk 00:12:06]} {[%emt
00:00:14]} Bxg4 {[%clk 00:30:45]} {[%emt 00:00:13]} 25. Bd4+ {[%clk 00:07:56]}
{[%emt 00:04:40]} f6 {[%clk 00:30:18]} {[%emt 00:00:57]} 26. Rd3 {[%clk
00:06:41]} {[%emt 00:01:46]} Bf4+ {[%clk 00:21:22]} {[%emt 00:09:25]} 27. Kb1
{[%clk 00:06:58]} {[%emt 00:00:14]} Kxh7 {[%clk 00:18:07]} {[%emt 00:03:45]}
28. Rg1 {[%clk 00:05:24]} {[%emt 00:02:04]} Bxf3 {[%clk 00:15:22]} {[%emt
00:03:14]} 29. Rxf3 {[%clk 00:04:43]} {[%emt 00:01:11]} Bxh6 {[%clk 00:13:41]}
{[%emt 00:02:11]} 30. Rxf6 {[%clk 00:04:01]} {[%emt 00:01:13]} Rxf6 {[%clk
00:13:36]} {[%emt 00:00:35]} 31. Bxf6 {[%clk 00:04:29]} {[%emt 00:00:02]} Ng6
{[%clk 00:13:46]} {[%emt 00:00:20]} 32. Bd3 {[%clk 00:02:26]} {[%emt 00:04:44]}
Rg8 {[%clk 00:14:14]} 33. b4 {[%clk 00:02:29]} {[%emt 00:00:04]} 1-0

[Event "ODJM A 2024"]
[Site "Willingen GER"]
[Date "2024.05.22"]
[Round "6"]
[White "Holzwarth, Felix"]
[Black "Astner, Sebastian"]
[Result "1-0"]
[Termination "normal"]
[Board "14"]
[WhiteElo "1976"]
[BlackElo "1930"]
[WhiteClock "00:13:27"]
[BlackClock "00:02:23"]
[PlyCount "77"]
[WhiteFideId "34621377"]
[BlackFideId "12979422"]
[EventCountry "GER"]
[EventRounds "9"]
[EventType "swiss"]
[EventDate "2024.05.18"]

1. d4 {[%clk 01:30:46]} {[%emt 00:00:14]} d5 {[%clk 01:30:54]} {[%emt
00:00:07]} 2. c4 {[%clk 01:31:13]} {[%emt 00:00:03]} e6 {[%clk 01:31:04]}
{[%emt 00:00:20]} 3. Nf3 {[%clk 01:31:36]} {[%emt 00:00:06]} c6 {[%clk
01:31:24]} {[%emt 00:00:11]} 4. Nc3 {[%clk 01:32:02]} {[%emt 00:00:04]} dxc4
{[%clk 01:31:46]} {[%emt 00:00:09]} 5. a4 {[%clk 01:32:24]} {[%emt 00:00:07]}
Bb4 {[%clk 01:32:10]} {[%emt 00:00:06]} 6. e3 {[%clk 01:32:47]} {[%emt
00:00:07]} b5 {[%clk 01:32:33]} {[%emt 00:00:08]} 7. Bd2 {[%clk 01:33:12]}
{[%emt 00:00:04]} Bxc3 {[%clk 01:32:53]} {[%emt 00:00:09]} 8. Bxc3 {[%clk
01:33:38]} {[%emt 00:00:04]} a5 {[%clk 01:33:16]} {[%emt 00:00:08]} 9. d5
{[%clk 01:34:04]} {[%emt 00:00:04]} Nf6 {[%clk 01:30:50]} {[%emt 00:02:56]} 10.
dxc6 {[%clk 01:34:25]} {[%emt 00:00:09]} Qxd1+ {[%clk 01:23:27]} {[%emt
00:07:52]} 11. Rxd1 {[%clk 01:34:35]} {[%emt 00:00:20]} b4 {[%clk 01:22:25]}
{[%emt 00:01:34]} 12. Bxf6 {[%clk 01:34:56]} {[%emt 00:00:08]} gxf6 {[%clk
01:22:50]} {[%emt 00:00:04]} 13. Nd4 {[%clk 01:30:31]} {[%emt 00:04:54]} Ba6
{[%clk 01:03:35]} {[%emt 00:19:47]} 14. Rc1 {[%clk 01:23:40]} {[%emt 00:07:21]}
Ke7 {[%clk 00:55:09]} {[%emt 00:08:55]} 15. Bxc4 {[%clk 01:23:26]} {[%emt
00:00:45]} Bxc4 {[%clk 00:54:34]} {[%emt 00:01:06]} 16. Rxc4 {[%clk 01:23:47]}
{[%emt 00:00:07]} Rc8 {[%clk 00:54:57]} {[%emt 00:00:08]} 17. Ke2 {[%clk
01:00:44]} {[%emt 00:23:33]} e5 {[%clk 00:42:16]} {[%emt 00:13:11]} 18. c7
{[%clk 00:58:58]} {[%emt 00:02:16]} exd4 {[%clk 00:34:08]} {[%emt 00:08:38]}
19. cxb8=Q {[%clk 00:59:06]} {[%emt 00:00:22]} Raxb8 {[%clk 00:34:34]} {[%emt
00:00:04]} 20. Rhc1 {[%clk 00:59:08]} {[%emt 00:00:27]} Rxc4 {[%clk 00:34:48]}
{[%emt 00:00:16]} 21. Rxc4 {[%clk 00:59:37]} {[%emt 00:00:02]} dxe3 {[%clk
00:35:07]} {[%emt 00:00:11]} 22. Kxe3 {[%clk 01:00:00]} {[%emt 00:00:06]} Kd6
{[%clk 00:35:00]} {[%emt 00:00:38]} 23. Kd3 {[%clk 00:58:33]} {[%emt 00:01:57]}
Rg8 {[%clk 00:34:08]} {[%emt 00:01:22]} 24. g3 {[%clk 00:58:13]} {[%emt
00:00:50]} Rg5 {[%clk 00:33:05]} {[%emt 00:01:33]} 25. Rf4 {[%clk 00:43:52]}
{[%emt 00:14:51]} Ke6 {[%clk 00:19:57]} {[%emt 00:13:38]} 26. Kc4 {[%clk
00:42:13]} {[%emt 00:02:07]} Re5 {[%clk 00:19:26]} {[%emt 00:01:03]} 27. f3
{[%clk 00:38:24]} {[%emt 00:06:59]} h5 {[%clk 00:13:14]} {[%emt 00:04:03]} 28.
b3 {[%clk 00:35:33]} {[%emt 00:03:20]} Ke7 {[%clk 00:12:50]} {[%emt 00:00:54]}
29. Kd4 {[%clk 00:14:32]} {[%emt 00:21:31]} Ke6 {[%clk 00:11:33]} {[%emt
00:01:47]} 30. Re4 {[%clk 00:12:18]} {[%emt 00:02:44]} Kd6 {[%clk 00:11:37]}
{[%emt 00:00:26]} 31. Rxe5 {[%clk 00:11:26]} {[%emt 00:01:21]} fxe5+ {[%emt
00:00:03]} 32. Ke4 {[%clk 00:11:47]} {[%emt 00:00:08]} Ke6 {[%clk 00:07:21]}
{[%emt 00:05:15]} 33. g4 {[%clk 00:12:11]} {[%emt 00:00:05]} f6 {[%clk
00:03:01]} {[%emt 00:04:54]} 34. h4 {[%clk 00:11:57]} {[%emt 00:00:41]} hxg4
{[%clk 00:02:10]} {[%emt 00:01:21]} 35. fxg4 {[%clk 00:12:24]} {[%emt
00:00:03]} Kf7 {[%clk 00:01:48]} {[%emt 00:00:51]} 36. Kf5 {[%clk 00:12:17]}
{[%emt 00:00:37]} Kg7 {[%clk 00:02:03]} {[%emt 00:00:15]} 37. g5 {[%clk
00:12:33]} {[%emt 00:00:14]} fxg5 {[%clk 00:02:03]} {[%emt 00:00:32]} 38. hxg5
{[%clk 00:13:01]} {[%emt 00:00:01]} Kf7 {[%clk 00:02:23]} {[%emt 00:00:10]} 39.
Kxe5 {[%clk 00:13:27]} {[%emt 00:00:04]} 1-0

[Event "ODJM A 2024"]
[Site "Willingen GER"]
[Date "2024.05.22"]
[Round "6"]
[White "Frohnhäuser, Simon"]
[Black "Gröschel, Karoline"]
[Result "0-1"]
[Termination "normal"]
[Board "15"]
[WhiteElo "1985"]
[BlackElo "1952"]
[WhiteClock "00:26:16"]
[BlackClock "00:46:32"]
[PlyCount "88"]
[WhiteFideId "16208528"]
[BlackFideId "34610537"]
[EventCountry "GER"]
[EventRounds "9"]
[EventType "swiss"]
[EventDate "2024.05.18"]

1. e4 {[%clk 01:30:56]} {[%emt 00:00:04]} c5 {[%clk 01:30:43]} {[%emt
00:00:17]} 2. Nf3 {[%clk 01:31:15]} {[%emt 00:00:12]} d6 {[%clk 01:31:00]}
{[%emt 00:00:13]} 3. d4 {[%clk 01:31:40]} {[%emt 00:00:04]} cxd4 {[%clk
01:31:25]} {[%emt 00:00:05]} 4. Nxd4 {[%clk 01:32:02]} {[%emt 00:00:08]} Nf6
{[%clk 01:31:50]} {[%emt 00:00:05]} 5. Nc3 {[%clk 01:32:22]} {[%emt 00:00:10]}
Nc6 {[%clk 01:32:17]} {[%emt 00:00:04]} 6. Bg5 {[%clk 01:32:45]} {[%emt
00:00:06]} e6 {[%clk 01:32:43]} {[%emt 00:00:05]} 7. Qd2 {[%clk 01:32:51]}
{[%emt 00:00:24]} a6 {[%clk 01:33:04]} {[%emt 00:00:09]} 8. O-O-O {[%clk
01:31:31]} {[%emt 00:01:49]} Bd7 {[%clk 01:33:26]} {[%emt 00:00:08]} 9. Kb1
{[%clk 01:29:33]} {[%emt 00:02:29]} Be7 {[%clk 01:32:21]} {[%emt 00:01:35]} 10.
f4 {[%clk 01:20:36]} {[%emt 00:09:26]} b5 {[%clk 01:26:58]} {[%emt 00:05:53]}
11. Nxc6 {[%clk 01:15:00]} {[%emt 00:06:07]} Bxc6 {[%clk 01:27:11]} {[%emt
00:00:16]} 12. Bxf6 {[%clk 01:14:10]} {[%emt 00:01:21]} Bxf6 {[%clk 01:02:23]}
{[%emt 00:25:18]} 13. Qxd6 {[%clk 01:06:38]} {[%emt 00:08:01]} Qxd6 {[%clk
01:01:47]} {[%emt 00:01:07]} 14. Rxd6 {[%clk 01:07:03]} {[%emt 00:00:04]} Rc8
{[%clk 01:01:57]} {[%emt 00:00:21]} 15. e5 {[%clk 01:04:01]} {[%emt 00:03:32]}
Be7 {[%clk 01:02:11]} {[%emt 00:00:15]} 16. Rd1 {[%clk 01:03:11]} {[%emt
00:01:20]} Bc5 {[%clk 01:02:12]} {[%emt 00:00:29]} 17. Re1 {[%clk 00:50:20]}
{[%emt 00:13:21]} Rd8 {[%clk 00:57:40]} {[%emt 00:05:02]} 18. a3 {[%clk
00:49:36]} {[%emt 00:01:15]} Rd4 {[%clk 00:53:12]} {[%emt 00:04:58]} 19. Ne2
{[%clk 00:37:25]} {[%emt 00:12:41]} Rd2 {[%clk 00:53:17]} {[%emt 00:00:24]} 20.
h4 {[%clk 00:36:50]} {[%emt 00:01:05]} Ke7 {[%clk 00:44:28]} {[%emt 00:09:19]}
21. Rh3 {[%clk 00:34:31]} {[%emt 00:02:49]} Rhd8 {[%clk 00:43:37]} {[%emt
00:01:21]} 22. Nc1 {[%clk 00:22:09]} {[%emt 00:12:52]} Bxg2 {[%clk 00:31:01]}
{[%emt 00:15:37]} 23. Bxg2 {[%clk 00:22:35]} Rxg2 {[%clk 00:31:14]} {[%emt
00:00:02]} 24. Nd3 {[%clk 00:21:44]} {[%emt 00:00:10]} Bb6 {[%clk 00:28:43]}
{[%emt 00:02:00]} 25. Re4 {[%clk 00:07:34]} {[%emt 00:14:40]} Rc8 {[%clk
00:27:41]} {[%emt 00:01:31]} 26. c3 {[%clk 00:07:02]} {[%emt 00:01:03]} a5
{[%clk 00:22:26]} {[%emt 00:05:45]} 27. Ne1 {[%clk 00:04:35]} {[%emt 00:02:56]}
Rg1 {[%clk 00:19:27]} {[%emt 00:03:29]} 28. Kc2 {[%clk 00:05:02]} {[%emt
00:00:04]} Rc4 {[%clk 00:18:45]} {[%emt 00:01:11]} 29. Rxc4 {[%clk 00:04:52]}
{[%emt 00:00:41]} bxc4 {[%clk 00:19:11]} {[%emt 00:00:04]} 30. Kd2 {[%clk
00:04:05]} {[%emt 00:01:17]} Rf1 {[%clk 00:19:29]} {[%emt 00:00:12]} 31. Nf3
{[%clk 00:02:35]} {[%emt 00:02:00]} Rf2+ {[%clk 00:19:29]} {[%emt 00:00:29]}
32. Kc1 {[%clk 00:02:11]} {[%emt 00:00:55]} Be3+ {[%clk 00:19:46]} {[%emt
00:00:13]} 33. Kb1 {[%clk 00:01:56]} {[%emt 00:00:46]} Bxf4 {[%clk 00:19:47]}
{[%emt 00:00:28]} 34. Nd4 {[%clk 00:01:17]} {[%emt 00:01:08]} Rf1+ {[%clk
00:18:30]} {[%emt 00:05:02]} 35. Ka2 {[%clk 00:01:28]} {[%emt 00:00:02]} Kd7
{[%clk 00:18:53]} 36. Rf3 {[%clk 00:00:42]} {[%emt 00:00:06]} Rxf3 {[%clk
00:18:37]} {[%emt 00:00:08]} 37. Nxf3 {[%clk 00:01:10]} a4 {[%clk 00:18:11]}
{[%emt 00:00:07]} 38. b4 {[%clk 00:00:36]} {[%emt 00:00:54]} cxb3+ {[%clk
00:18:21]} {[%emt 00:00:19]} 39. Kb2 {[%clk 00:01:04]} {[%emt 00:00:02]} Kc6
{[%clk 00:18:34]} {[%emt 00:00:17]} 40. c4 {[%clk 00:00:37]} {[%emt 00:00:57]}
Kc5 {[%clk 00:16:56]} {[%emt 00:02:07]} 41. Kc3 {[%clk 00:29:51]} {[%emt
00:01:16]} f6 {[%clk 00:47:14]} {[%emt 00:03:35]} 42. exf6 {[%clk 00:28:59]}
gxf6 {[%clk 00:47:36]} {[%emt 00:00:01]} 43. Kd3 {[%clk 00:25:47]} {[%emt
00:01:48]} b2 {[%clk 00:46:49]} {[%emt 00:01:16]} 44. Kc2 {[%clk 00:26:16]}
{[%emt 00:00:02]} Bc1 {[%clk 00:46:32]} {[%emt 00:00:46]} 0-1